00587nam a22001337a 4500999001500000008004100015100003600056245012900092260005500221300003300276650003800309942001500347952009100362 c6821d6821200330b ||||| |||| 00| 0 eng d aThe United Republic of Tanzania a2012 Population and Housing CensusbPopulation Distribution by Administrative AreacThe United Republic of TanzaniahEnglish aDar Es SalaambNational Bureau of Statisticsc2013 aix,244p.bIllustrationc29cm 2012 Population and Housing Census 2ddccBOOKS 00102ddc4070a3000b3000d2020-03-30l0p10000002320r2020-03-30w2020-03-30yBOOKS